[Event "WchT Seniors 65"]
[Site "Prague"]
[Date "2020.03.11"]
[Round "6.1"]
[White "Jones, Iolo Cerredig"]
[Black "James, Kevin"]
[Result "1-0"]
[WhiteElo "2146"]
[BlackElo "1924"]
[PlyCount "79"]
[EventDate "2020.03.06"]
[EventType "team-swiss"]
[EventRounds "7"]
[EventCountry "CZE"]
[SourceTitle "CBM 195 Extra"]
[Source "ChessBase"]
[SourceDate "2020.05.31"]
[SourceVersion "1"]
[SourceVersionDate "2020.05.31"]
[SourceQuality "1"]
[WhiteTeam "Wales 65 II"]
[BlackTeam "Ireland 65"]
[WhiteTeamCountry "WLS"]
[BlackTeamCountry "IRL"]

1. d4 d5 2. Nf3 Nc6 3. Bf4 Nf6 4. e3 Bg4 5. Nbd2 e6 6. h3 Bh5 7. Bb5 Bd6 8. Bxd6 cxd6 9. c3 0-0 10. Be2 Re8 11. 0-0 e5 12. Re1 Rc8 13. Nf1 Bxf3 14. Bxf3 e4 15. Be2 Ne7 16. Bb5 Rf8 17. Ng3 Ne8 18. Qb3 Nc7 19. Be2 a6 20. f3 Ng6 21. fxe4 dxe4 22. Bg4 Rb8 23. Nxe4 d5 24. Nd2 b5 25. Qc2 Rb6 26. Rf1 Nh4 27. Nf3 f5 28. Nxh4 fxg4 29. Rxf8+ Qxf8 30. hxg4 Qd8 31. Nf3 Ne8 32. Ne5 Nf6 33. Qf5 Ne4 34. Qf7+ Kh8 35. Rf1 Rf6 36. Rxf6 gxf6 37. Nc6 Qg8 38. Qxg8+ Kxg8 39. Ne7+ Kf7 40. Nxd5 1-0

[Event "WchT Seniors 65"]
[Site "Dresden"]
[Date "2018.07.11"]
[Round "5.1"]
[White "Jones, Iolo Cerredig"]
[Black "Jandke, Manfred"]
[Result "1/2-1/2"]
[WhiteElo "2175"]
[BlackElo "2040"]
[PlyCount "67"]
[EventDate "2018.07.07"]
[EventType "team-swiss"]
[EventRounds "9"]
[EventCountry "GER"]
[SourceTitle "EXT 2021"]
[Source "ChessBase"]
[SourceDate "2020.10.23"]
[SourceVersion "1"]
[SourceVersionDate "2020.10.23"]
[SourceQuality "1"]
[WhiteTeam "Wales Deheubarth"]
[BlackTeam "Oberlausitz"]
[WhiteTeamCountry "WLS"]
[BlackTeamCountry "GER"]

1. Nf3 d5 2. g3 Nf6 3. Bg2 e6 4. 0-0 Be7 5. d4 0-0 6. c4 dxc4 7. Ne5 Nc6 8. Nxc6 bxc6 9. Bxc6 Rb8 10. Bg2 c5 11. dxc5 Bxc5 12. Qc2 Qc7 13. Nc3 Bb7 14. Bxb7 Rxb7 15. Bf4 Qc6 16. Qa4 Rc8 17. Qxc6 Rxc6 18. Rfd1 h6 19. Rab1 Bb4 20. Be3 Ra6 21. Bd4 Bxc3 22. bxc3 Rxb1 23. Rxb1 Rxa2 24. Rb8+ Kh7 25. Rb7 Kg6 26. Rxa7 Rxe2 27. Rc7 e5 28. Kf1 Rc2 29. Bxe5 Ng4 30. Bd4 Nxh2+ 31. Kg2 Ng4 32. Rxc4 f6 33. Rc5 h5 34. Rb5 1/2-1/2

[Event "WchT Seniors 65"]
[Site "Dresden"]
[Date "2018.07.09"]
[Round "3.1"]
[White "Jones, Iolo Cerredig"]
[Black "Vogt, Lothar"]
[Result "1/2-1/2"]
[WhiteElo "2175"]
[BlackElo "2376"]
[PlyCount "35"]
[EventDate "2018.07.07"]
[EventType "team-swiss"]
[EventRounds "9"]
[EventCountry "GER"]
[SourceTitle "EXT 2021"]
[Source "ChessBase"]
[SourceDate "2020.10.23"]
[SourceVersion "1"]
[SourceVersionDate "2020.10.23"]
[SourceQuality "1"]
[WhiteTeam "Wales Deheubarth"]
[BlackTeam "Eppingen"]
[WhiteTeamCountry "WLS"]
[BlackTeamCountry "GER"]

1. d4 Nf6 2. Nf3 g6 3. Bf4 Bg7 4. e3 0-0 5. Be2 d6 6. h3 Nbd7 7. 0-0 e6 8. Nc3 b6 9. e4 Bb7 10. e5 dxe5 11. Nxe5 Nxe5 12. Bxe5 Ne4 13. Nxe4 Bxe5 14. dxe5 Bxe4 15. f3 Bd5 16. c4 Bc6 17. Qxd8 Rfxd8 18. Rfd1 1/2-1/2

[Event "Dyfed op 47th"]
[Site "Fishguard"]
[Date "2018.02.18"]
[Round "4"]
[White "Rayner, Francis"]
[Black "Jones, Iolo Cerredig"]
[Result "1-0"]
[WhiteElo "2043"]
[BlackElo "2206"]
[PlyCount "81"]
[EventDate "2018.02.16"]
[EventType "swiss"]
[EventRounds "5"]
[EventCountry "WLS"]
[SourceTitle "EXT 2020"]
[Source "ChessBase"]
[SourceDate "2019.10.17"]
[SourceVersion "1"]
[SourceVersionDate "2019.10.17"]
[SourceQuality "1"]

1. Nf3 Nf6 2. c4 e6 3. g3 c5 4. Bg2 d5 5. cxd5 exd5 6. d4 Nc6 7. 0-0 h6 8. Nc3 Be6 9. b3 Be7 10. Bb2 0-0 11. Rc1 Qa5 12. dxc5 Bxc5 13. a3 Be7 14. b4 Qd8 15. Nd4 Rc8 16. Nxe6 fxe6 17. Bh3 Kf7 18. Na4 b6 19. e3 Qd7 20. Nc3 Ne5 21. Ba1 Nc4 22. Ne2 Ne4 23. Nf4 Rc6 24. Rxc4 Rxc4 25. Bxe6+ Qxe6 26. Nxe6 Kxe6 27. Qg4+ Rf5 28. Qxg7 Nd2 29. Qg6+ Bf6 30. Bxf6 Rxf6 31. Qg8+ Kd6 32. Rd1 Rc2 33. Qd8+ Ke6 34. Kg2 Rf5 35. Qe8+ Kf6 36. Qf8+ Kg6 37. Qd6+ Kg7 38. Qe7+ Kg6 39. Qe6+ Rf6 40. Qxd5 Nc4 41. Qd3+ 1-0

[Event "WLS-chT 1718"]
[Site "Wales"]
[Date "2018.01.21"]
[Round "3.15"]
[White "Jones, Iolo Cerredig"]
[Black "Waterfield, John"]
[Result "1-0"]
[WhiteElo "2203"]
[BlackElo "1925"]
[PlyCount "45"]
[EventDate "2017.10.22"]
[EventType "team-tourn"]
[EventRounds "5"]
[EventCountry "WLS"]
[SourceTitle "EXT 2020"]
[Source "ChessBase"]
[SourceDate "2019.10.17"]
[SourceVersion "1"]
[SourceVersionDate "2019.10.17"]
[SourceQuality "1"]
[WhiteTeam "Cardigan"]
[BlackTeam "Abergavenny"]
[WhiteTeamCountry "WLS"]
[BlackTeamCountry "WLS"]

1. d4 Nf6 2. Nf3 c5 3. d5 g6 4. Nc3 Bg7 5. e4 d6 6. Be2 0-0 7. 0-0 e6 8. Bg5 h6 9. Bf4 Nh5 10. Be3 e5 11. Qd2 Nf4 12. Bxf4 exf4 13. Qxf4 a6 14. a4 f5 15. exf5 Bxf5 16. Qd2 b6 17. Nd1 Nd7 18. Ne3 Be4 19. Ne1 Kh7 20. c3 Qg5 21. Rd1 Ne5 22. f3 Bf5 23. f4 1-0

[Event "WchT Seniors 65"]
[Site "Hersonissos"]
[Date "2017.04.26"]
[Round "3.1"]
[White "Jones, Iolo Cerredig"]
[Black "Stebbings, Anthony"]
[Result "1/2-1/2"]
[WhiteElo "2195"]
[BlackElo "2294"]
[PlyCount "160"]
[EventDate "2017.04.24"]
[EventType "team-swiss"]
[EventRounds "9"]
[EventCountry "GRE"]
[SourceTitle "CBM 178 Extra"]
[Source "ChessBase"]
[SourceDate "2017.06.22"]
[SourceVersion "1"]
[SourceVersionDate "2017.06.22"]
[SourceQuality "1"]
[WhiteTeam "Wales"]
[BlackTeam "England"]
[WhiteTeamCountry "WLS"]
[BlackTeamCountry "ENG"]

1. d4 Nf6 2. c4 e6 3. Nf3 b6 4. g3 Bb4+ 5. Nbd2 Ba6 6. Qc2 0-0 7. Bg2 d5 8. 0-0 c5 9. dxc5 Bxc5 10. a3 Nbd7 11. Qa4 Qc8 12. cxd5 exd5 13. Re1 Re8 14. e3 Bd3 15. b4 Bf8 16. Qb3 Bc2 17. Qa2 a5 18. bxa5 Rxa5 19. Bb2 Be4 20. Rec1 Qb7 21. Nxe4 Nxe4 22. Rd1 Rea8 23. Qb3 h6 24. Ne1 Nef6 25. Nd3 Qc6 26. Nb4 Bxb4 27. axb4 Rxa1 28. Bxa1 Ra4 29. Qc3 Qb5 30. Qc8+ Kh7 31. Qc2+ Kg8 32. Qc8+ Kh7 33. Qc2+ Kg8 34. Bc3 Qc6 35. Qb3 Ne4 36. Bxe4 dxe4 37. b5 Qc4 38. Qxc4 Rxc4 39. Rxd7 Rxc3 40. Rd8+ Kh7 41. Rb8 Rb3 42. Rxb6 Rb1+ 43. Kg2 h5 44. h3 f6 45. g4 hxg4 46. hxg4 Kh6 47. Re6 Rxb5 48. Rxe4 Rb7 49. Re8 g5 50. Kg3 Kg6 51. f4 gxf4+ 52. Kxf4 Rb1 53. Rg8+ Kf7 54. Ra8 Rf1+ 55. Kg3 Rg1+ 56. Kf3 Rf1+ 57. Kg2 Rb1 58. Ra5 Kg6 59. e4 Re1 60. Kf3 Rf1+ 61. Ke3 Rg1 62. Kf4 Rf1+ 63. Kg3 Re1 64. Ra4 Rg1+ 65. Kf3 Rf1+ 66. Kg2 Rb1 67. Ra5 Rb3 68. e5 fxe5 69. Rxe5 Rb2+ 70. Kg3 Rb4 71. Kh4 Rb6 72. Rg5+ Kh6 73. Rg8 Kh7 74. Ra8 Kg7 75. Kh5 Rc6 76. Ra7+ Kg8 77. g5 Rb6 78. Rc7 Ra6 79. g6 Ra1 80. Kh6 Rh1+ 1/2-1/2

[Event "WLS-chT 1617"]
[Site "Wales"]
[Date "2017.03.12"]
[Round "3.2"]
[White "Jones, Iolo Cerredig"]
[Black "Bullen, Alex"]
[Result "1/2-1/2"]
[WhiteElo "2191"]
[BlackElo "2100"]
[PlyCount "160"]
[EventDate "2016.10.02"]
[EventType "team-tourn"]
[EventRounds "5"]
[EventCountry "WLS"]
[SourceTitle "EXT 2019"]
[Source "ChessBase"]
[SourceDate "2018.10.10"]
[SourceVersion "1"]
[SourceVersionDate "2018.10.10"]
[SourceQuality "1"]
[WhiteTeam "Cardigan"]
[BlackTeam "Cardiff"]
[WhiteTeamCountry "WLS"]
[BlackTeamCountry "WLS"]

1. d4 d5 2. Nf3 Nf6 3. c4 e6 4. Nc3 Nbd7 5. cxd5 exd5 6. g3 c6 7. Bg2 Bd6 8. 0-0 0-0 9. Qc2 Re8 10. Nh4 Nb6 11. Nf5 Bf8 12. Ne3 Ng4 13. Nxg4 Bxg4 14. e3 Qd7 15. b3 Bh3 16. a4 Bxg2 17. Kxg2 a5 18. Ba3 Bxa3 19. Rxa3 Re6 20. h3 Rc8 21. Ne2 c5 22. dxc5 Rec6 23. Nd4 Rxc5 24. Qd2 Qe7 25. Raa1 Qe4+ 26. Kg1 Nd7 27. Rac1 g6 28. Rxc5 Rxc5 29. f3 Qe7 30. Rc1 b6 31. Kg2 Rxc1 32. Qxc1 Qc5 33. Qxc5 bxc5 34. Nc6 Nb6 35. Kf2 c4 36. bxc4 dxc4 37. Nxa5 c3 38. Ke2 Nxa4 39. Kd3 Kg7 40. Kc2 Kf6 41. Kb3 Nb2 42. Kxc3 Nd1+ 43. Kd2 Nf2 44. h4 g5 45. Ke2 Nh1 46. hxg5+ Kxg5 47. g4 h5 48. gxh5 Ng3+ 49. Kd3 Nxh5 50. Nc4 Kf6 51. Nd6 Ke6 52. Ne4 Ng7 53. Ng5+ Ke7 54. Ke4 f6 55. Nh3 Ne6 56. f4 Ng7 57. f5 Nh5 58. Kf3 Ng7 59. Kg4 Ne8 60. Nf4 Nd6 61. Nd5+ Kf7 62. Kf4 Nc4 63. e4 Ne5 64. Ke3 Ng4+ 65. Kd4 Ne5 66. Ne3 Ke7 67. Nc4 Ng4 68. Kd5 Nh6 69. Ne3 Nf7 70. Nc4 Nh6 71. Na5 Ng4 72. Nc6+ Kd7 73. Nd4 Ne5 74. Ne6 Ke7 75. Nf4 Ng4 76. Ng6+ Kd7 77. e5 Nxe5 78. Nxe5+ fxe5 79. f6 e4 80. Kxe4 Ke6 1/2-1/2

[Event "WLS-chT 1617"]
[Site "Wales"]
[Date "2017.01.22"]
[Round "2.8"]
[White "Jones, Iolo Cerredig"]
[Black "Hewitt, William"]
[Result "1-0"]
[WhiteElo "2191"]
[BlackElo "2016"]
[PlyCount "77"]
[EventDate "2016.10.02"]
[EventType "team-tourn"]
[EventRounds "5"]
[EventCountry "WLS"]
[SourceTitle "EXT 2019"]
[Source "ChessBase"]
[SourceDate "2018.10.10"]
[SourceVersion "1"]
[SourceVersionDate "2018.10.10"]
[SourceQuality "1"]
[WhiteTeam "Cardigan"]
[BlackTeam "White Knights"]
[WhiteTeamCountry "WLS"]
[BlackTeamCountry "WLS"]

1. d4 Nf6 2. Nf3 g6 3. c4 Bg7 4. Nc3 d5 5. Bf4 0-0 6. e3 c5 7. Ne5 Nc6 8. Nxc6 bxc6 9. Be5 Be6 10. cxd5 Bxd5 11. f3 Nd7 12. Bxg7 Kxg7 13. e4 cxd4 14. Qxd4+ e5 15. Qa4 Be6 16. Be2 Qb6 17. Qc2 a5 18. Na4 Qb4+ 19. Kf1 f5 20. Qxc6 Rae8 21. a3 Qb3 22. Rd1 Nb8 23. Qc7+ Kh6 24. Qc1+ Kg7 25. Nc5 Qb6 26. Nxe6+ Rxe6 27. Bd3 Nc6 28. Bc4 Re7 29. Bd5 Nd4 30. Rd3 Rb8 31. b3 fxe4 32. Qg5 Qd6 33. Bxe4 Qxa3 34. Kf2 Qc5 35. Rc1 Qd6 36. Rc6 Qd8 37. Qf6+ Kh6 38. Bxg6 Re6 39. Rxe6 1-0

[Event "EU-Cup 32nd"]
[Site "Novi Sad"]
[Date "2016.11.11"]
[Round "6.2"]
[White "Jones, Iolo Cerredig"]
[Black "Mihasi, Lime"]
[Result "1-0"]
[WhiteElo "2172"]
[BlackElo "2039"]
[PlyCount "141"]
[EventDate "2016.11.06"]
[EventType "team-swiss"]
[EventRounds "7"]
[EventCountry "SRB"]
[SourceTitle "CBM 176"]
[Source "ChessBase"]
[SourceDate "2017.01.17"]
[SourceVersion "1"]
[SourceVersionDate "2017.01.17"]
[SourceQuality "1"]
[WhiteTeam "Cardigan"]
[BlackTeam "Butrinti"]
[WhiteTeamCountry "WLS"]
[BlackTeamCountry "ALB"]

1. d4 Nf6 2. Nf3 c5 3. d5 g6 4. c4 b5 5. cxb5 a6 6. b6 Qxb6 7. Nc3 d6 8. Nd2 Bg7 9. e4 Nbd7 10. Nc4 Qb8 11. Be2 Nb6 12. Ne3 Nbd7 13. 0-0 0-0 14. Bd2 a5 15. a4 Ne8 16. Ra3 Ba6 17. Rb3 Qd8 18. Nb5 Ndf6 19. Qc2 Bb7 20. Na3 Ba6 21. Nec4 Bxc4 22. Nxc4 e6 23. dxe6 fxe6 24. Bf3 Ra6 25. e5 Nd5 26. exd6 Nxd6 27. Nxd6 Qxd6 28. Be2 Ra7 29. Rf3 Bd4 30. Rxf8+ Qxf8 31. Qe4 Qf7 32. Bg4 e5 33. Bf3 Ne7 34. Qc2 Kg7 35. b3 Nf5 36. Qc4 Qf6 37. Bd5 Nd6 38. Qd3 Nf5 39. Kh1 Ne7 40. Be4 Qe6 41. Qc4 Qg4 42. f3 Qh5 43. Qb5 Ng8 44. Qb8 Rd7 45. Bxa5 Nf6 46. Qb5 Rf7 47. Bd3 Qg5 48. Bc4 Rf8 49. Qb7+ Kh6 50. Qe7 Re8 51. Qf7 Ra8 52. Be1 Nh5 53. g4 Nf6 54. h4 Qf4 55. Qxf6 Qxf6 56. g5+ Qxg5 57. hxg5+ Kxg5 58. Bd2+ Kf6 59. a5 Ra7 60. a6 Ke7 61. Kg2 Kd6 62. Bd3 g5 63. Rh1 c4 64. Rh6+ Kc5 65. Bxc4 Rg7 66. Bd3 g4 67. Rxh7 gxf3+ 68. Kxf3 Rxh7 69. Bxh7 Kb6 70. Bd3 Ka7 71. Be3 1-0

[Event "WLS-chT 1516"]
[Site "Wales"]
[Date "2016.01.24"]
[Round "4.8"]
[White "Ralphs, Nigel"]
[Black "Jones, Iolo Cerredig"]
[Result "1/2-1/2"]
[WhiteElo "2001"]
[BlackElo "2171"]
[PlyCount "112"]
[EventDate "2015.11.01"]
[EventType "team-tourn"]
[EventRounds "7"]
[EventCountry "WLS"]
[SourceTitle "EXT 2018"]
[Source "ChessBase"]
[SourceDate "2017.10.13"]
[SourceVersion "1"]
[SourceVersionDate "2017.10.13"]
[SourceQuality "1"]

1. e4 e5 2. Bc4 Nf6 3. d3 c6 4. Nf3 d5 5. Bb3 Bb4+ 6. c3 Bd6 7. Nbd2 0-0 8. 0-0 Nbd7 9. Re1 Qc7 10. Nf1 dxe4 11. dxe4 Nc5 12. Bc2 Rd8 13. Qe2 Be7 14. Ng3 g6 15. Bh6 b6 16. h3 Ba6 17. c4 Ne6 18. Red1 c5 19. b3 Bb7 20. Rxd8+ Rxd8 21. Rd1 Rxd1+ 22. Qxd1 Qd6 23. Qxd6 Bxd6 24. Nd2 Nd4 25. Bd3 Nd7 26. f3 f6 27. Be3 Kf7 28. Ne2 Nb8 29. Nc3 Nbc6 30. Nd5 Ke6 31. g4 g5 32. Kf2 Kf7 33. Nb1 Nd8 34. Nbc3 Bc6 35. Ne2 Nxe2 36. Kxe2 Ne6 37. Kf2 Nf4 38. Bf1 Be8 39. Bd2 Bd7 40. Bc3 Ne6 41. Bd3 Be7 42. Ke3 Bd8 43. Kf2 a6 44. Ke3 Nf4 45. Nxf4 exf4+ 46. Kd2 Bc7 47. a4 h6 48. Kc2 Ke6 49. Be2 Be5 50. Kd2 Be8 51. Bxe5 Kxe5 52. Kc3 h5 53. Bd3 hxg4 54. hxg4 Bd7 55. Be2 Bc6 56. Kd3 Bd7 1/2-1/2

[Event "WLS-chT 1516"]
[Site "Wales"]
[Date "2015.11.01"]
[Round "1.2"]
[White "Jones, Iolo Cerredig"]
[Black "Bridges, Paul"]
[Result "1/2-1/2"]
[WhiteElo "2171"]
[BlackElo "1832"]
[PlyCount "52"]
[EventDate "2015.11.01"]
[EventType "team-tourn"]
[EventRounds "7"]
[EventCountry "WLS"]
[SourceTitle "EXT 2018"]
[Source "ChessBase"]
[SourceDate "2017.10.13"]
[SourceVersion "1"]
[SourceVersionDate "2017.10.13"]
[SourceQuality "1"]

1. d4 d5 2. Nf3 e6 3. c4 c6 4. e3 f5 5. Nc3 Bd6 6. Rb1 Qe7 7. Qc2 Nf6 8. Bd3 0-0 9. 0-0 Ne4 10. Ne5 Nd7 11. Nxd7 Bxd7 12. g3 Rf6 13. Ne2 Rg6 14. Nf4 Bxf4 15. exf4 h5 16. Bd2 h4 17. Kg2 Kf7 18. Kf3 Rh8 19. Rh1 Rgh6 20. Rhg1 hxg3 21. hxg3 Qf6 22. Be3 Qg6 23. Ke2 Qg4+ 24. Ke1 Rh1 25. Rf1 Rxf1+ 26. Bxf1 Rh1 1/2-1/2